Religion Quiz

Random Religion Quiz

Gossip from the Biblical perspective Quiz Stats

 Plays Quiz not verified by Sporcle

Support Sporcle.
Go Orange.
Score 0/204 Timer 10:00
0 Plays Today
Hint Answer % Correct
Proverbs 11:13A
100%
a
100%
a
100%
a
100%
Proverbs 12:23A
100%
the
100%
Proverbs 16:28A
100%
and
100%
a
100%
Proverbs 18:8The
100%
a
100%
a
100%
the
100%
a
100%
a
100%
the
100%
a
100%
a
100%
a
100%
a
100%
Proverbs 26:22The
100%
a
100%
a
100%
a
100%
and
100%
and
100%
the
100%
and
100%
the
100%
the
100%
to
83.3%
to
83.3%
to
83.3%
to
83.3%
to
83.3%
to
83.3%
to
83.3%
to
83.3%
in
83.3%
to
83.3%
in
83.3%
to
83.3%
to
83.3%
to
83.3%
of
66.7%
of
66.7%
is
66.7%
of
66.7%
is
66.7%
of
66.7%
Proverbs 25:9If
66.7%
of
66.7%
of
66.7%
is
66.7%
is
66.7%
Proverbs 25:2It
50%
you
50%
it
50%
you
50%
it
50%
gossip
33.3%
but
33.3%
man
33.3%
man
33.3%
but
33.3%
man
33.3%
gossip
33.3%
gossip
33.3%
Hint Answer % Correct
go
33.3%
your
33.3%
with
33.3%
do
33.3%
not
33.3%
gossip
33.3%
gossip
33.3%
go
33.3%
your
33.3%
your
33.3%
with
33.3%
your
33.3%
from
33.3%
what
33.3%
who
33.3%
be
33.3%
not
33.3%
be
33.3%
but
33.3%
what
33.3%
betrays
16.7%
confidence
16.7%
trustworthy
16.7%
keeps
16.7%
secret
16.7%
prudent
16.7%
keeps
16.7%
his
16.7%
knowledge
16.7%
himself
16.7%
heart
16.7%
fools
16.7%
blurts
16.7%
out
16.7%
folly
16.7%
perverse
16.7%
stirs
16.7%
up
16.7%
dissension
16.7%
separates
16.7%
close
16.7%
friends
16.7%
words
16.7%
are
16.7%
like
16.7%
choice
16.7%
morsels
16.7%
they
16.7%
down
16.7%
man's
16.7%
inmost
16.7%
parts
16.7%
glory
16.7%
God
16.7%
conceal
16.7%
matter
16.7%
search
16.7%
out
16.7%
matter
16.7%
glory
16.7%
kings
16.7%
argue
16.7%
case
16.7%
neighbor
16.7%
betray
16.7%
another
16.7%
man's
16.7%
confidence
16.7%
Hint Answer % Correct
Proverbs 26:20Without
16.7%
wood
16.7%
fire
16.7%
goes
16.7%
out
16.7%
without
16.7%
quarrel
16.7%
dies
16.7%
down
16.7%
words
16.7%
are
16.7%
like
16.7%
choice
16.7%
morsels
16.7%
they
16.7%
down
16.7%
man's
16.7%
inmost
16.7%
parts
16.7%
1 Thessalonians 4:11Make
16.7%
ambition
16.7%
lead
16.7%
quiet
16.7%
life
16.7%
mind
16.7%
own
16.7%
business
16.7%
work
16.7%
hands
16.7%
just
16.7%
as
16.7%
we
16.7%
told
16.7%
1 Timothy 6:20Turn
16.7%
away
16.7%
Godless
16.7%
chatter
16.7%
opposing
16.7%
ideas
16.7%
falsely
16.7%
called
16.7%
knowledge
16.7%
2 Timothy 2:16Avoid
16.7%
Godless
16.7%
chatter
16.7%
because
16.7%
those
16.7%
indulge
16.7%
will
16.7%
become
16.7%
more
16.7%
more
16.7%
ungodly
16.7%
Titus 2:3Likewise
16.7%
teach
16.7%
older
16.7%
women
16.7%
reverent
16.7%
way
16.7%
they
16.7%
live
16.7%
slanderers
16.7%
or
16.7%
addicted
16.7%
much
16.7%
wine
16.7%
teach
16.7%
good
16.7%

You're not logged in!

Compare scores with friends on all Sporcle quizzes.
OR
Log In

From the Vault

Common Sayings: Missing 'C' Words

by beforever

This quiz made it all the way to the homepage, it's common decency to play it.
Remove Ads.
Support Sporcle.
Get the best of Sporcle when you Go Orange. This ad-free experience offers more features, more stats, and more fun while also helping to support Sporcle. Thank you for becoming a member.

Show Comments

Extras

Created Jan 16, 2016ReportNominate
Tags:gossip, Perspective

Top Quizzes Today


Score Distribution

Your Account Isn't Verified!

In order to create a playlist on Sporcle, you need to verify the email address you used during registration. Go to your Sporcle Settings to finish the process.

Report this User

Report this user for behavior that violates our Community Guidelines.

Details: